| Registos Bibliográficos associados ao registo de autoridade |
|
Etiqueta de registo: 00254nam 2200025 450 001 2284332 003 http://id.bnportugal.gov.pt/bib/catbnp/2284332 100 ## $a20260414d2026 k y0pory01030103ba 101 0# $apor$deng 102 ## $aPT 105 ## $ay m 000yy 106 ## $ar 200 1# $a O raciocínio matemático e o uso da linguagem algébrica com compreenção no 8º ano$fKelly Nunes Aguiar Carvalho$gorient. João Pedro Mendes da Ponte, Marisa Alexandra Ferreira Quaresma 210 #9 $aLisboa$c[s.n.],$d2026 215 ## $a[4], IX, 210 p.$d30 cm 328 #1 $aTese dout. Educação (Didática da Matemática), Instituto da Educação, Universidade
de Lisboa, 2026 675 ## $a37.02(469)(043)$vBN$zpor$3697870 675 ## $a512(043)$vBN$zpor$3297302 700 #1 $aCarvalho,$bKelly Nunes Aguiar$31995636 702 #1 $aPonte,$bJoão Pedro da,$f1953-$4727$332576 702 #1 $aQuaresma,$bMarisa Alexandra Ferreira$4727$31912756 801 #0 $aPT$bBN$gRPC 966 ## $lBN$mFGMON$sS.C. 169194 V.$x1 971 ## $cisantos$d20260414 973 ## $csteixeira$d20260522 975 ## $e0$d20260605$viquintas
|
|
|